Modelovanie membránových konštrukcií pomocou MKP s kvadratickými elementami

Saved in:
Bibliographic Details
Main Author: Baránková, Lucia (Author)
Other Authors: Tomek, Lukáš (Thesis advisor)
Format: Manuscript Book
Language:Slovak
Published: 2018
Subjects:
Online Access:http://is.stuba.sk/zp/portal_zp.pl?podrobnosti=124945
https://opac.crzp.sk/?fn=detailBiblioForm&sid=ABCEC5876A40CFC0D995DE344C66
Tags: Add Tag
No Tags, Be the first to tag this record!

MARC

LEADER 00000ntm a22000003a 4500
001 stuzp67858
003 SK-STU
005 20230615105614.8
007 ta
008 150427s2015----xo-----f-mn---000-0-slo-d
040 |a STU  |b slo 
041 0 |a slo 
100 1 |a Baránková, Lucia  |u 010220  |4 aut  |U SvF Stavebná fakulta  |T SvF Katedra matematiky a deskriptívnej geometrie  |X 81233  |U V220  |Y 23  |7 81233 
242 0 1 |a Modeling membrane structures using FEM with quadratic elements  |y eng 
245 1 0 |a Modelovanie membránových konštrukcií pomocou MKP s kvadratickými elementami 
260 |c 2018 
650 4 |a membránové konštrukcie  |2 slo 
650 4 |a MKP  |2 slo 
650 4 |a priehyb membrány  |2 slo 
650 4 |a metóda konečných prvkov  |2 slo 
650 4 |a finite element method  |2 eng 
650 4 |a FEM  |2 eng 
650 4 |a membrane structures  |2 eng 
650 4 |a membrane deflection  |2 eng 
700 1 |a Tomek, Lukáš  |u 010220  |k Z8  |4 ths  |U SvF Stavebná fakulta  |T SvF Katedra matematiky a deskriptívnej geometrie  |X 59517  |U V220  |Y 23  |7 A000059517 
856 4 |u http://is.stuba.sk/zp/portal_zp.pl?podrobnosti=124945 
856 4 |u https://opac.crzp.sk/?fn=detailBiblioForm&sid=ABCEC5876A40CFC0D995DE344C66